• 首页
  • 本馆介绍
  • 公告通知
  • 最新文献
  • 馆藏检索
  • 电子资源
  • 读者导购
  • 参考咨询
  • 我的图书馆
  • 登录
  • 详细信息显示
  • 放入我的书架
  • 预约/预借图书
  • 作者相关作品
  • 分类相关作品
  • 丛书相关作品
  • 出版社相关作品

书目信息

  • 表格格式
  • 工作单格式
  • 卡片格式
题名:
跟毛泽东学凝聚人心
    
 
作者: 孟庆春 著
分册:  
出版信息: 北京   当代中国出版社  2002
页数: 13,411页
开本: 20cm
丛书名:
单 册:
中图分类: A752
科图分类:
主题词: 毛泽东--生平事迹 , 毛泽东--传记
电子资源:
ISBN: 7-80170-174-7
000 00618nam0 2200217 45
001 002185119
005 20041209162104.2
010    @a7-80170-174-7@dCNY26.80
100    @a20021106d2002 em y0chiy0110 ea
101 0  @achi
102    @aCN@b110000
105    @aa z 000yd
200 1  @a跟毛泽东学凝聚人心@AGen Mao Ze Dong Xue Ning Ju Ren Xin@f孟庆春著@FMeng Qing Chun Zhu
210    @a北京@c当代中国出版社@d2002
215    @a13,411页@c照片@d20cm
606 0  @a毛泽东@x生平事迹
606 0  @a毛泽东@x传记
690    @aA752@v4
701  0 @a孟庆春@4著
801    @aCN@bTSTC@c20030414
905    @b322553-557@dA752@e104@f5
    
    跟毛泽东学凝聚人心/孟庆春著.-北京:当代中国出版社,2002
    13,411页:照片;20cm
    
    
    ISBN 7-80170-174-7:CNY26.80
    
●
相关链接 在E读中查询图书 在五车中查询图书 在当当中查询图书 在豆瓣中查询图书


正题名:跟毛泽东学凝聚人心     索取号:A752/104         预约/预借

序号 登录号 条形码 馆藏地/架位号 状态 备注
1 0322553   203225535   第一借阅区/ [索取号:A752/104] 在馆    
2 0322554   203225544   第一借阅区/ [索取号:A752/104] 在馆    
3 0322555   203225553   第一借阅区/ [索取号:A752/104] 在馆    
4 0322556   203225562   第一借阅区/ [索取号:A752/104] 在馆    
5 0322557   203225571   第一样本阅览室/ [索取号:A752/104] 在馆    
唐山师范学院图书馆 欢迎您!
大连网信软件有限公司© 版权所有